Efektivita motivačných prvkov v podniku diplomová práca

Saved in:
Bibliographic Details
Main Author: Gardošová, Juliána
Corporate Author: Fakulta podnikového manažmentu EU. Katedra manažmentu
Other Authors: Gažová Adamková, Hana, 1969-
Format: Book
Language:Slovak
Published: Bratislava 2025
Tags: Add Tag
No Tags, Be the first to tag this record!

MARC

LEADER 00000nbm a2200000 4500
001 0309948
005 20260324111011.0
041 0 |a slo 
044 |a SK 
245 1 0 |a Efektivita motivačných prvkov v podniku  |b diplomová práca  |c Juliána Gardošová ; školiteľ: Hana Gažová Adamková 
264 1 |a Bratislava  |c 2025 
300 |a 68 s. 
100 1 |a Gardošová, Juliána 
700 1 |a Gažová Adamková, Hana, 1969- 
710 2 |a Fakulta podnikového manažmentu EU. Katedra manažmentu